| 000 | 00567nam a2200193Ia 4500 | ||
|---|---|---|---|
| 003 | OSt | ||
| 005 | 20240712153317.0 | ||
| 008 | 210210b1982 xxu||||| |||| 00| 0 eng d | ||
| 040 | _cAL | ||
| 041 | _aKannada | ||
| 082 | _aK894.1 SHAB | ||
| 100 |
_aSHADAKSHARIDEVA. _dಶಡಾಕ್ಷರಿದೇವ _9173358 |
||
| 245 |
_aBasavaraja Vijayam.Bhaga 2. _bಬಸವರಾಜ ವಿಜಯಂ .ಭಾಗ ೨. |
||
| 260 |
_aBengaluru _bKannada Sahitya Parishattu _c1982 |
||
| 300 | _axxiv,612 | ||
| 690 |
_aKannada Poetry _9173359 |
||
| 906 | _a036736 | ||
| 942 |
_2ddc _cBK |
||
| 999 |
_c87264 _d87264 |
||